<?xml version="1.0" encoding="UTF-8"?>
<record
    xmlns:xsi="http://www.w3.org/2001/XMLSchema-instance"
    xsi:schemaLocation="http://www.loc.gov/MARC21/slim http://www.loc.gov/standards/marcxml/schema/MARC21slim.xsd"
    xmlns="http://www.loc.gov/MARC21/slim">

  <leader>00362nam a22001457a 4500</leader>
  <controlfield tag="005">20250129101540.0</controlfield>
  <controlfield tag="008"> eng </controlfield>
  <datafield tag="020" ind1=" " ind2=" ">
    <subfield code="a">9781788814690</subfield>
    <subfield code="q">pbk</subfield>
  </datafield>
  <datafield tag="040" ind1=" " ind2=" ">
    <subfield code="a">RDA</subfield>
    <subfield code="c">3228</subfield>
  </datafield>
  <datafield tag="041" ind1=" " ind2=" ">
    <subfield code="2">E</subfield>
  </datafield>
  <datafield tag="100" ind1=" " ind2=" ">
    <subfield code="a">Hegarty,Patricia</subfield>
    <subfield code="9">191527</subfield>
  </datafield>
  <datafield tag="245" ind1=" " ind2=" ">
    <subfield code="a">Flamingo</subfield>
    <subfield code="c">A colourful book of counting</subfield>
    <subfield code="h">English</subfield>
  </datafield>
  <datafield tag="260" ind1=" " ind2=" ">
    <subfield code="a">Dublin</subfield>
    <subfield code="b">Little Tiger Kids</subfield>
    <subfield code="c">2019</subfield>
  </datafield>
  <datafield tag="942" ind1=" " ind2=" ">
    <subfield code="2">ddc</subfield>
    <subfield code="c">BOOK</subfield>
    <subfield code="w">6786</subfield>
    <subfield code="x">Chimezie Obi</subfield>
    <subfield code="y">6786</subfield>
    <subfield code="z">Chimezie Obi</subfield>
  </datafield>
  <datafield tag="999" ind1=" " ind2=" ">
    <subfield code="c">771832</subfield>
    <subfield code="d">771831</subfield>
  </datafield>
  <datafield tag="952" ind1=" " ind2=" ">
    <subfield code="0">0</subfield>
    <subfield code="1">0</subfield>
    <subfield code="2">ddc</subfield>
    <subfield code="4">0</subfield>
    <subfield code="7">0</subfield>
    <subfield code="8">F</subfield>
    <subfield code="a">MBOMRL</subfield>
    <subfield code="b">MBOML</subfield>
    <subfield code="c">CHILD</subfield>
    <subfield code="d">2025-01-29</subfield>
    <subfield code="g">120.00</subfield>
    <subfield code="l">0</subfield>
    <subfield code="o">EJF HEGA</subfield>
    <subfield code="p">33228031161963</subfield>
    <subfield code="r">2025-01-29</subfield>
    <subfield code="w">2025-01-29</subfield>
    <subfield code="y">BOOK</subfield>
  </datafield>
  <datafield tag="952" ind1=" " ind2=" ">
    <subfield code="0">0</subfield>
    <subfield code="1">0</subfield>
    <subfield code="2">ddc</subfield>
    <subfield code="4">0</subfield>
    <subfield code="7">0</subfield>
    <subfield code="8">F</subfield>
    <subfield code="a">MBOMRL</subfield>
    <subfield code="b">KABOL</subfield>
    <subfield code="c">CHILD</subfield>
    <subfield code="d">2025-02-25</subfield>
    <subfield code="g">120.00</subfield>
    <subfield code="o">EJF HEGA</subfield>
    <subfield code="p">3322803165394</subfield>
    <subfield code="r">2025-02-25</subfield>
    <subfield code="w">2025-02-25</subfield>
    <subfield code="y">BOOK</subfield>
  </datafield>
  <datafield tag="952" ind1=" " ind2=" ">
    <subfield code="0">0</subfield>
    <subfield code="1">0</subfield>
    <subfield code="2">ddc</subfield>
    <subfield code="4">0</subfield>
    <subfield code="7">0</subfield>
    <subfield code="8">F</subfield>
    <subfield code="a">MBOMRL</subfield>
    <subfield code="b">BARBL</subfield>
    <subfield code="c">CHILD</subfield>
    <subfield code="d">2025-02-27</subfield>
    <subfield code="g">120.00</subfield>
    <subfield code="l">1</subfield>
    <subfield code="o">EJF HEGA</subfield>
    <subfield code="p">33228031161962</subfield>
    <subfield code="r">2026-04-10</subfield>
    <subfield code="s">2026-03-24</subfield>
    <subfield code="w">2025-02-27</subfield>
    <subfield code="y">BOOK</subfield>
  </datafield>
  <datafield tag="952" ind1=" " ind2=" ">
    <subfield code="0">0</subfield>
    <subfield code="1">0</subfield>
    <subfield code="2">ddc</subfield>
    <subfield code="4">0</subfield>
    <subfield code="7">0</subfield>
    <subfield code="8">F</subfield>
    <subfield code="a">MBOMRL</subfield>
    <subfield code="b">EMJIL</subfield>
    <subfield code="c">CHILD</subfield>
    <subfield code="d">2025-03-03</subfield>
    <subfield code="g">120.00</subfield>
    <subfield code="o">EJF HEGA</subfield>
    <subfield code="p">33228031155807</subfield>
    <subfield code="r">2025-03-03</subfield>
    <subfield code="w">2025-03-03</subfield>
    <subfield code="y">BOOK</subfield>
  </datafield>
  <datafield tag="952" ind1=" " ind2=" ">
    <subfield code="0">0</subfield>
    <subfield code="1">0</subfield>
    <subfield code="2">ddc</subfield>
    <subfield code="4">0</subfield>
    <subfield code="7">0</subfield>
    <subfield code="8">F</subfield>
    <subfield code="a">MBOMRL</subfield>
    <subfield code="b">MATPL</subfield>
    <subfield code="c">CHILD</subfield>
    <subfield code="d">2025-03-17</subfield>
    <subfield code="g">120.00</subfield>
    <subfield code="o">EJF HEGA</subfield>
    <subfield code="p">33228031155803</subfield>
    <subfield code="r">2025-03-17</subfield>
    <subfield code="w">2025-03-17</subfield>
    <subfield code="y">BOOK</subfield>
  </datafield>
  <datafield tag="952" ind1=" " ind2=" ">
    <subfield code="0">0</subfield>
    <subfield code="1">0</subfield>
    <subfield code="2">ddc</subfield>
    <subfield code="4">0</subfield>
    <subfield code="7">0</subfield>
    <subfield code="8">F</subfield>
    <subfield code="a">MBOMRL</subfield>
    <subfield code="b">WHITL</subfield>
    <subfield code="c">CHILD</subfield>
    <subfield code="d">2025-07-01</subfield>
    <subfield code="g">120.00</subfield>
    <subfield code="o">EJF HEGA</subfield>
    <subfield code="p">3322803164935</subfield>
    <subfield code="r">2025-07-01</subfield>
    <subfield code="w">2025-07-01</subfield>
    <subfield code="y">BOOK</subfield>
  </datafield>
  <datafield tag="952" ind1=" " ind2=" ">
    <subfield code="0">0</subfield>
    <subfield code="1">0</subfield>
    <subfield code="2">ddc</subfield>
    <subfield code="4">0</subfield>
    <subfield code="7">0</subfield>
    <subfield code="8">F</subfield>
    <subfield code="a">MBOMRL</subfield>
    <subfield code="b">KOMAL</subfield>
    <subfield code="c">CHILD</subfield>
    <subfield code="d">2025-07-03</subfield>
    <subfield code="g">120.00</subfield>
    <subfield code="o">EJF HEG</subfield>
    <subfield code="p">33228031162042</subfield>
    <subfield code="r">2025-07-03</subfield>
    <subfield code="w">2025-07-03</subfield>
    <subfield code="y">BOOK</subfield>
  </datafield>
  <datafield tag="952" ind1=" " ind2=" ">
    <subfield code="0">0</subfield>
    <subfield code="1">0</subfield>
    <subfield code="2">ddc</subfield>
    <subfield code="4">0</subfield>
    <subfield code="7">0</subfield>
    <subfield code="8">F</subfield>
    <subfield code="a">MBOMRL</subfield>
    <subfield code="b">MASOL</subfield>
    <subfield code="c">CHILD</subfield>
    <subfield code="d">2025-07-11</subfield>
    <subfield code="g">120.00</subfield>
    <subfield code="o">EJF HEGA</subfield>
    <subfield code="p">33228031161961</subfield>
    <subfield code="r">2025-07-11</subfield>
    <subfield code="w">2025-07-11</subfield>
    <subfield code="y">BOOK</subfield>
  </datafield>
  <datafield tag="952" ind1=" " ind2=" ">
    <subfield code="0">0</subfield>
    <subfield code="1">0</subfield>
    <subfield code="2">ddc</subfield>
    <subfield code="4">0</subfield>
    <subfield code="7">0</subfield>
    <subfield code="8">F</subfield>
    <subfield code="a">MBOMRL</subfield>
    <subfield code="b">MATSL</subfield>
    <subfield code="c">CHILD</subfield>
    <subfield code="d">2025-07-16</subfield>
    <subfield code="g">120.00</subfield>
    <subfield code="o">EJF HEGA</subfield>
    <subfield code="p">3322803165135</subfield>
    <subfield code="r">2025-07-16</subfield>
    <subfield code="w">2025-07-16</subfield>
    <subfield code="y">BOOK</subfield>
  </datafield>
  <datafield tag="952" ind1=" " ind2=" ">
    <subfield code="0">0</subfield>
    <subfield code="1">0</subfield>
    <subfield code="2">ddc</subfield>
    <subfield code="4">0</subfield>
    <subfield code="7">0</subfield>
    <subfield code="8">F</subfield>
    <subfield code="a">MBOMRL</subfield>
    <subfield code="b">KANYL</subfield>
    <subfield code="c">FIC</subfield>
    <subfield code="d">2025-09-15</subfield>
    <subfield code="g">120.00</subfield>
    <subfield code="o">EJF HEGA</subfield>
    <subfield code="p">33228031161964</subfield>
    <subfield code="r">2025-09-15</subfield>
    <subfield code="w">2025-09-15</subfield>
    <subfield code="y">BOOK</subfield>
  </datafield>
</record>
